[Event "Dos Hermanas-B"]
[Site "Dos Hermanas"]
[Date "2003.03.28"]
[Round "1"]
[White "Pogorelov, Ruslan"]
[Black "Fernandez Romero, Ernesto"]
[Result "0-1"]
[WhiteElo "2517"]
[BlackElo "2396"]
[Annotator "Mueller,Karsten"]
[PlyCount "154"]
[EventDate "2003.03.28"]
[EventType "tourn"]
[EventRounds "9"]
[EventCountry "ESP"]
[EventCategory "10"]
[SourceTitle "CBM 095"]
[Source "ChessBase"]
[SourceDate "2003.07.25"]
[SourceVersion "1"]
[SourceVersionDate "2003.07.25"]
[SourceQuality "1"]

1. d4 Nf6 2. c4 g6 3. Nc3 d5 4. cxd5 Nxd5 5. e4 Nxc3 6. bxc3 Bg7 7. Be3 c5 8.
Qd2 Qa5 9. Rc1 O-O 10. d5 Rd8 11. c4 Qxd2+ 12. Kxd2 b6 13. Bd3 Na6 14. Ne2 Nb4
15. Nc3 Bxc3+ 16. Rxc3 Nxa2 17. Ra3 Nb4 18. Be2 f6 19. Kc3 a5 20. g4 e6 21. f4
Ra7 22. Bf2 Re7 23. Bf3 exd5 24. cxd5 Bxg4 25. Bxg4 Rxe4 26. Be6+ Kg7 27. Re1
Rxf4 28. Bg3 Rf3+ 29. Kb2 Nd3+ 30. Rxd3 Rxd3 31. Bc7 R8xd5 32. Bxd5 Rxd5 33.
Bxb6 Rd2+ 34. Kc3 Rxh2 35. Bxc5 g5 36. Bd4 Rh3+ 37. Kc4 Rf3 38. Ra1 Rf5 39. Bc5
Rf4+ 40. Bd4 h5 41. Rxa5 Kg6 42. Kd3 h4 43. Be3 Rg4 44. Ke2 Rb4 45. Bf2 f5 46.
Ra3 Kh5 47. Kf1 Kg4 48. Bc5 Rb1+ 49. Kg2 Rb2+ 50. Kg1 Re2 51. Bb6 Rd2 52. Bc5
Rd5 53. Rc3 f4 54. Be7 Rd7 55. Bf6 Kf5 56. Rc6 Rd1+ 57. Kh2 Rd2+ 58. Kg1 h3 59.
Bxg5 $2 {But White's position is awkward in any case. allerdings ist Weiß
ohnehin in keiner beneidenswerten Lage.} Kxg5 $19 {The endgame rook+ h- and
f-pawn pawn is usually drawn, but not when the defending king is cut off on
its first rank. Das Endspiel Turm und h- und f-Bauern gegen Turm ist zwar in
der Regel remis, aber nicht, wenn der verteidigende König auf der Grundreihe
abgeschnitten ist.} 60. Rc8 Kg4 61. Rg8+ Kf3 62. Ra8 Rg2+ 63. Kh1 Rd2 $6 ({
The road to victory is as follows: Der Gewinnweg lautet:} 63... Re2 64. Kg1 Ke4
65. Re8+ Kd3 66. Rd8+ Ke3 67. Re8+ Kd2 68. Rd8+ Ke1 69. Rf8 Re4 70. Kh2 Kf2 71.
Kxh3 (71. Ra8 Re3 72. Ra4 f3 73. Ra1 Re8 74. Ra3 Ke2 $19) 71... Re3+ 72. Kh2 f3
73. Ra8 Kf1 74. Ra1+ Re1 75. Ra3 f2 76. Ra2 Rd1 77. Kg3 Rd3+ 78. Kh2 Rf3 79.
Rb2 Ke1 $19) 64. Kg1 Rd3 65. Rf8 $2 (65. Kh2 $142 $1) 65... Re3 $2 66. Kh2 Re7
67. Ra8 (67. Rf6 $2 Ke3 68. Kxh3 f3 69. Kg3 Rg7+ 70. Kh2 f2 $19) 67... Rh7 68.
Ra3+ (68. Rb8 Ke3 69. Rb3+ Ke4 70. Rb4+ Kf5 71. Rb3 Kg4 72. Rb8 f3 73. Rb4+ Kf5
74. Rb5+ Ke4 75. Rb4+ Ke3 76. Rb3+ $11) 68... Kg4 69. Ra8 Rg7 70. Ra4 $2 (70.
Rb8 $142) 70... Rd7 71. Ra8 (71. Ra2 {is much too passiv, of course: ist
natürlich viel zu passiv:} Rd4 72. Re2 f3 73. Rf2 Re4 $19) 71... Rd2+ 72. Kg1
Kg3 73. Rg8+ Kf3 74. Ra8 {White could have claimed threefold repetition now.
führt zum dritten Mal dieselbe Stellung herbei. Weiß hätte auf remis
reklamieren können.} Rd3 $2 75. Kh2 Ke2 76. Re8+ $2 (76. Ra2+ Rd2 77. Ra1 Rd1
78. Ra2+ Kf3 79. Ra8 $11) 76... Kf1 77. Rf8 (77. Ra8 Re3 78. Ra1+ Re1 79. Ra3
Re2+ 80. Kh1 Re3 81. Ra1+ Re1 82. Ra3 f3 $19) 77... f3 0-1

[Event "Minsk op"]
[Site "Minsk"]
[Date "1996.??.??"]
[Round "3"]
[White "Notkin, Maksim"]
[Black "Yandemirov, Valeri"]
[Result "1-0"]
[WhiteElo "2515"]
[BlackElo "2430"]
[Annotator "Notkin,M"]
[PlyCount "73"]
[EventDate "1996.??.??"]
[EventType "swiss"]
[EventRounds "9"]
[EventCountry "BLR"]
[SourceTitle "EXT 2000"]
[Source "ChessBase"]
[SourceDate "1999.11.16"]
[SourceVersion "1"]
[SourceVersionDate "1999.11.16"]
[SourceQuality "1"]

1. d4 Nf6 2. c4 g6 3. Nc3 d5 4. cxd5 Nxd5 5. e4 Nxc3 6. bxc3 Bg7 7. Nf3 c5 8.
Rb1 O-O 9. Be2 Nc6 10. d5 Ne5 11. Nxe5 Bxe5 12. Qd2 e6 13. f4 Bg7 14. c4 Qe8
15. O-O (15. Qc2 b6 16. O-O Bb7 17. Bf3 Bd4+ 18. Kh1 Rd8 $13 {Shulman,
Y-Yandemirov,V/Minsk/1995/1|0/37/}) 15... exd5 16. exd5 b6 17. Bd3 (17. Bb2 $5
Bf5 18. Bxg7 Kxg7 19. Bd3 Qd7 20. Rbe1 Rfe8 21. Re5 f6 22. Bxf5 gxf5 23. Rxe8
Rxe8 24. Re1 Kf7 $6 (24... b5 $1 $10) 25. Rxe8 Kxe8 26. Qd3 $16 {Ivanov,
S-Yandemirov,V/St-Petersburg/1993/1|0/41/}) 17... Qe7 (17... Bf5 $6 18. Bxf5
gxf5 19. Bb2 Qd7 20. Bxg7 Kxg7 21. Rfe1 $16 {Cebalo,M-Yandemirov,V/Djakovo/
1994/0,5/41/}) 18. Qc2 (18. Bb2 Bxb2 19. Rxb2 Re8 $132) (18. f5 $5 Bxf5 19.
Bxf5 gxf5 20. Bb2 $44) (18. a4 $5 Re8 19. a5 Rb8 20. Qc2 $14) 18... Bd7 19. f5
Rae8 20. Bf4 Be5 (20... Bxf5 $6 21. Bxf5 gxf5 22. Qxf5 Qe4 23. Bd6 $16) 21.
Bxe5 (21. Kh1 $6 Qh4 $1) 21... Qxe5 22. Rbd1 g5 $5 (22... Qd4+ $5 23. Kh1 Qh4
$1 24. Qd2 Re5 $13) 23. f6 h6 24. Rf2 (24. Rd2 Qe3+ 25. Kh1 Re5 $13) (24. Kh1
Kh8 (24... Qe3 25. Rf3) 25. Rd2 Qd4 $1 $13) 24... Qd6 $2 (24... Kh8 $1 25. Bf1
Qe3 $10) 25. Rdf1 Re3 26. Qd1 $1 Rfe8 27. Bb1 Rc3 $6 (27... R8e5 28. Qc2 R5e4 (
28... R3e4 29. Re2 Bf5 30. Rxf5 $1 Rxe2 31. Rxe5 Rxc2 32. Re8+ $18) 29. Qxe4
Rxe4 30. Bxe4 Qe5 31. Bd3 Qc3 $14) 28. Qh5 Qf8 29. Bf5 Ba4 $2 (29... Bxf5 30.
Rxf5 Rce3 (30... Rxc4 31. Rxg5+ $1 hxg5 32. Qxg5+ Kh7 33. Rf3 $18) 31. h4 $16)
30. Be6 $1 $18 Rxc4 (30... Bc2 31. Rxc2 Rxc2 32. Qg6+ Kh8 33. Qxc2 fxe6 34. f7
Re7 35. Qg6 $18) 31. Qg6+ Kh8 32. Bxf7 Rf4 (32... Re3 33. Be6 $18) 33. Rxf4
gxf4 34. Bxe8 Bxe8 35. Qe4 Bf7 36. Rxf4 Qd6 37. Qe7 $1 1-0

[Event "RUS-Cup01 Chigorin Memorial"]
[Site "St Petersburg"]
[Date "1996.??.??"]
[Round "8"]
[White "Epishin, Vladimir"]
[Black "Neverov, Valeriy"]
[Result "1-0"]
[WhiteElo "2620"]
[BlackElo "2515"]
[Annotator "Notkin,M"]
[PlyCount "83"]
[EventDate "1996.11.??"]
[EventType "swiss"]
[EventRounds "9"]
[EventCountry "RUS"]
[SourceTitle "CBM 056 Extra"]
[Source "ChessBase"]
[SourceDate "1997.03.01"]
[SourceVersion "1"]
[SourceVersionDate "1997.03.01"]
[SourceQuality "1"]

1. d4 Nf6 2. c4 g6 3. Nc3 d5 4. cxd5 Nxd5 5. e4 Nxc3 6. bxc3 Bg7 7. Be3 c5 8.
Qd2 cxd4 9. cxd4 Nc6 10. Rd1 O-O 11. Nf3 Qa5 12. Qxa5 Nxa5 13. Be2 b6 (13...
Bd7 14. Bd2 b6 15. O-O Rfc8 (15... Rfd8 16. Rc1 Bg4 17. d5 Nb7 18. h3 Bxf3 19.
Bxf3 Nc5 20. Be3 Rac8 21. Bg4 $16 {Karpov,A-Kasparov,G/New York/1990/0,5/34/})
16. Rc1 Rxc1 17. Rxc1 Rc8 18. Rxc8+ Bxc8 19. Bxa5 bxa5 20. Bc4 e6 21. Ne5 Bb7
22. f3 $14 {Sorokin,M-Dvoirys,S/Ljubljana/1992/0,5/51/}) (13... e6 14. O-O b6
15. d5 exd5 16. exd5 Bb7 17. Bg5 f6 18. Bf4 Rad8 19. d6 Rfe8 20. Nd4 $16 {
Sorokin,M-Dvoirys,S/Moscow/1991/1:0/33/}) 14. Bd2 Bb7 15. Bd3 Rac8 (15... Rfd8
16. Bxa5 (16. d5 e6 17. Bxa5 exd5 $1) 16... bxa5 17. d5 $14) (15... e6 $5) 16.
Bxa5 bxa5 17. Rb1 Ba8 18. Ke2 Rc3 $6 (18... f5 19. e5 Rfd8 $10) 19. Rb3 Rc7 (
19... Rxb3 20. axb3 Rb8 21. Rc1 $16) 20. Rhb1 f5 21. e5 h6 $2 (21... Bd5 22.
Rb5 Rd8 $10) 22. Rb8 (22. Ra3 $2 Rd8 {ה/}) 22... e6 (22... Kf7 23. Rxf8+ Bxf8
24. Rb5 $16) (22... Bd5 23. Rxf8+ Bxf8 24. Rb5 Bxa2 25. Rxa5 $16) 23. Nh4 $1
Kf7 $8 24. Rxf8+ Bxf8 25. Rb8 Bd5 26. Nxg6 Kxg6 $2 (26... Bb4 27. Nf4 Bxa2 28.
d5 $5 (28. g4 fxg4 29. Rh8 (29. Bg6+ Kg7 $1) 29... Rc1 $1) 28... Bxd5 (28...
exd5 29. Bxf5 {/\Rh8->/}) 29. Nxd5 exd5 30. Bxf5 $14) 27. Rxf8 Bxa2 28. g4 Kg7
29. Rf6 fxg4 30. Rg6+ Kf8 31. Rxh6 a4 (31... Bc4 32. Rh8+ Ke7 33. Rg8 $16) (
31... Ke8 $5 $16) 32. Rh8+ Ke7 33. Rh7+ Kd8 34. Rh8+ (34. Rxc7 Kxc7 35. Kd2 Kc6
$132) 34... Ke7 35. Kd2 $1 a3 (35... Bd5 36. Rh7+ Kd8 37. Rxc7 Kxc7 38. Be2 $18
) 36. Rh7+ Kd8 37. Rxc7 Kxc7 38. Kc3 Kc6 39. Be2 Kd5 40. f3 $1 Bb1 (40... gxf3
41. Bxf3#) 41. Bc4+ Kc6 42. fxg4 1-0

[Event "St Petersburg op2"]
[Site "St Petersburg"]
[Date "1994.??.??"]
[Round "2"]
[White "Lugovoi, Aleksei"]
[Black "Gubanov, Anton"]
[Result "1-0"]
[WhiteElo "2465"]
[BlackElo "2380"]
[Annotator "Notkin,M"]
[PlyCount "81"]
[EventDate "1994.10.??"]
[EventType "swiss"]
[EventRounds "9"]
[EventCountry "RUS"]
[SourceTitle "CBM 043 Extra"]
[Source "ChessBase"]
[SourceDate "1995.01.01"]
[SourceVersion "1"]
[SourceVersionDate "1995.01.01"]
[SourceQuality "1"]

1. d4 Nf6 2. c4 g6 3. Nc3 d5 4. cxd5 Nxd5 5. e4 Nxc3 6. bxc3 c5 7. Be3 Bg7 8.
Qd2 Qa5 9. Rb1 b6 10. Bb5+ Bd7 11. Be2 O-O 12. Rc1 Bb5 13. d5 Nd7 14. c4 Qxd2+
15. Kxd2 Ba4 16. Nh3 e6 17. Nf4 Rae8 18. f3 Ne5 19. g4 (19. Rc3 Bd7 20. Ra3
exd5 21. exd5 h5 $1 22. Rxa7 Bf5 $1 23. Rd1 Ra8 $13 {Karpov,A-Timman,J/
Amsterdam(Wm/10)/1993/1:0/53/}) 19... Bd7 20. Rhg1 (20. h4 exd5 (20... h6 $5 {
Karpov}) 21. cxd5 f5 22. gxf5 gxf5 23. Rhg1 fxe4 24. fxe4 Ng6 25. Nxg6 hxg6 26.
Rxg6 Kh7 27. Rd6 $16) 20... f5 $2 (20... Bc8 $5 {/\ 21...f5 22.gf5 ef5}) 21.
dxe6 Bxe6 22. gxf5 gxf5 23. Nh5 (23. Nxe6 Rxe6 24. f4 $2 Rd8+ 25. Kc2 (25. Ke1
Nd3+) 25... Nc6 26. e5 Nxe5 $1 27. fxe5 Rxe5 28. Rg3 f4) 23... Ng6 24. Nxg7
Kxg7 25. h4 Kf7 $2 (25... fxe4 26. h5 exf3 27. Bf1 Rd8+ 28. Kc3 Bf5 29. hxg6
hxg6 $14) (25... f4 26. h5 $5 (26. Bf2 Kf7 27. h5 Ne5 28. Rg5 Nc6 29. Rcg1 Rg8
30. Rxg8 Rxg8 31. Rxg8 Kxg8 32. Bg1 Kg7 33. Bh2 Nd4 $10) 26... Rd8+ 27. Bd3
fxe3+ 28. Kxe3 $16) 26. h5 Ne5 (26... Ne7 27. Bd3 Rg8 28. Bg5 $16) 27. Rg5 $6 (
27. f4 Ng4 (27... Nc6 28. h6 $16) 28. Bxg4 fxg4 29. f5 Bd7 30. Rxg4 Bc6 31.
Rcg1 $16) 27... Kf6 $2 (27... Ke7 28. f4 Nc6 $132) 28. f4 Ng4 (28... Nc6 29.
e5+ Ke7 30. Rcg1 $14) 29. Bxg4 fxg4 30. Bf2 $1 Bd7 31. Bh4 Kf7 32. Re1 Bc6 (
32... Rg8 33. Rxg8 Rxg8 34. Bg3 $1 Re8 35. f5 Kf6 36. Bh4+ Kf7 37. Re3 $18) 33.
Rf5+ Kg7 34. Rxf8 Rxf8 (34... Kxf8 35. e5 Bd7 36. f5 Bxf5 37. Rf1 Rxe5 38. Bg3
$18) 35. f5 $18 Kh6 36. Ke3 g3 (36... Kxh5 37. Be7 $18) 37. Bxg3 Kxh5 38. Bd6
Rd8 39. Be7 Re8 40. Kf4 $1 Kh6 41. Bf6 1-0

[Event "Santiago de Chile International"]
[Site "Santiago de Chile"]
[Date "1981.??.??"]
[Round "10"]
[White "Browne, Walter Shawn"]
[Black "Van Riemsdijk, Herman Claudius"]
[Result "1-0"]
[WhiteElo "2555"]
[BlackElo "2390"]
[Annotator "Notkin,M"]
[PlyCount "79"]
[EventDate "1981.08.??"]
[EventType "tourn"]
[EventRounds "11"]
[EventCountry "CHI"]
[EventCategory "8"]
[SourceTitle "MCL"]
[Source "ChessBase"]
[SourceDate "1999.07.01"]
[SourceVersion "1"]
[SourceVersionDate "1999.07.01"]
[SourceQuality "1"]

1. d4 Nf6 2. Nf3 g6 3. c4 Bg7 4. Nc3 d5 5. cxd5 Nxd5 6. e4 Nxc3 7. bxc3 O-O 8.
Be2 b6 $6 (8... c5 $5) 9. Bg5 c5 (9... Bb7 10. Qd3 Qd7 11. O-O Qc6 $5 12. d5
Qa4 13. Qe3 $14) 10. O-O cxd4 11. cxd4 Bb7 12. Qd3 Ba6 $2 (12... Qd7 13. Rad1
e6 (13... Qa4 $5) 14. Qe3 Qa4 15. Bh6 $14 {Browne,W-Martz/Philadelphia/1980/1:
0/45/}) 13. Qe3 Bxe2 14. Qxe2 Re8 15. Rac1 $2 (15. Rad1 Nc6 (15... Nd7 16. e5
$16) 16. d5 Ne5 17. Nxe5 Bxe5 18. f4 $16) 15... Nd7 16. e5 Nf8 17. Qe4 Ne6 18.
d5 (18. Be3 Nc7 $1) 18... Nc5 (18... Nxg5 $6 19. Nxg5 e6 20. Qf4 $16) 19. Qc4
Qd7 20. Rfe1 Rac8 21. e6 (21. Rcd1 Na4 $132) 21... fxe6 22. dxe6 Qd3 23. Qf4
Qf5 (23... Rf8 24. Qh4 Bf6 25. h3 $14) 24. Qxf5 gxf5 25. Nh4 Rc6 $2 (25... h6
26. Be3 Rf8 (26... Nxe6 $5 27. Rxc8 Rxc8 28. Nxf5 Rc2 $132) 27. Ng6 Rfe8 $10)
26. Nxf5 Rxe6 27. Bxe7 Be5 $2 (27... Rxe1+ 28. Rxe1 Bf8 29. Kf1 $16) 28. Bxc5
Bxh2+ $2 29. Kf1 $1 Rxe1+ 30. Rxe1 Rxe1+ 31. Kxe1 bxc5 32. g3 $18 Kf7 33. Nh4
Kf6 34. Nf3 Bxg3 35. fxg3 Kf5 36. Nh2 $1 Ke4 37. Kd2 h5 38. Kc3 Kd5 39. Kd3 c4+
40. Kc3 1-0

[Event "Bundesliga 1011"]
[Site "Germany"]
[Date "2011.04.10"]
[Round "15.8"]
[White "Nyback, Tomi"]
[Black "Mann, Christian"]
[Result "1-0"]
[WhiteElo "2635"]
[BlackElo "2444"]
[Annotator "Nyback,T"]
[PlyCount "39"]
[EventDate "2010.10.09"]
[EventType "team-tourn"]
[EventRounds "15"]
[EventCountry "GER"]
[SourceTitle "CBM 142"]
[Source "ChessBase"]
[SourceDate "2011.05.17"]
[SourceVersion "1"]
[SourceVersionDate "2011.05.17"]
[SourceQuality "1"]
[WhiteTeam "Werder Bremen"]
[BlackTeam "Eppingen"]
[WhiteTeamCountry "GER"]
[BlackTeamCountry "GER"]

1. d4 Nf6 2. c4 g6 3. Nc3 d5 4. cxd5 Nxd5 5. e4 Nxc3 6. bxc3 Bg7 7. Nf3 {
I have played 7.Bg5 here quite a lot lately, including several nice wins, but
I had suffered a painful loss with that line in European championships just a
week before this game. I felt that it was time to try something different,
especially as my opponent had played the line that arises in game before,
which seemed bit dubious to me.} c5 8. Be3 Nc6 $6 {In my opinion this is
inaccurate move order, which gives White interesting additional option
compared to the main lines.} 9. Rc1 $1 {Instead 9.Qd2 Qa5 transposes to main
line of this system, which is fairly playable for Black, of course.} cxd4 {
9...Qa5 10.d5! is also better for White, as 10...Bxc3+ doesnt really work in
view of 11.Rxc3 Qxc3+ 12.Bd2 and two minor pieces are clearly stronger than
Black's rook and pawns.} 10. cxd4 Qa5+ 11. Bd2 $1 {This is the option White
didn't have in other line, where his queen was already on d2. Instead 11.Qd2
transposes to main line, and leads to an ending that gives White some chances
for advantage.} Qxa2 12. d5 {The point. Black will now lose his castling
rights after bishop check on b5, and this with development advantage gives
White more than enough compensation for the pawn.} Na5 $2 {Here 12...Ne5 was
the only way to play, and after 13.Nxe5 Bxe5 14.Bb5+ White has an initiative
for the pawn, but Black's position looks playable.} 13. Bb5+ Bd7 {13...Kf8
looks too ugly to be played, but the game move loses more or less directly.}
14. Rc2 $1 Qa3 15. Qb1 $1 {The point: White now has a multitude of threats,
like taking on d7 and Qb5+, and in many lines also Ra2.} Qb3 {The only try,
but insufficient.} 16. Bxd7+ Kxd7 17. O-O $1 {I was surprised to hear many
teammates suggest 17.Rc7+ here after the game, a move that I somehow failed to
consider. However the consequences of that are unclear, while the game move
wins very cleanly.} b6 18. Bxa5 Qxb1 19. Rxb1 bxa5 20. Rb7+ $18 {Black
resigned. This might seem a bit premature, but there is nothing to be done
here. White will play Rcc7 next, and then possibly something like e5 and Nd4
with big mating threats, while Black can only sit and wait.} (20. Rb7+ Ke8 (
20... Kd8 21. Rcc7 Bf8 22. Ne5 Rg8 23. d6) 21. Rcc7 Bf8 22. Ne5 (22. e5 $1 Rd8
23. d6 exd6 24. e6 fxe6 25. Ng5 d5 (25... Rg8 26. Ne4) 26. Nf7 $18) 22... a4 (
22... f6 23. Nc6) 23. Rxa7 Rxa7 {(?)} 24. Rc8# {Guilbert - Schut, Bethune 2006
(C.D. Meyer)}) 1-0

[Event "URS Young Masters-ch15"]
[Site "Odessa"]
[Date "1982.??.??"]
[Round "?"]
[White "Chiburdanidze, Maia"]
[Black "Malaniuk, Vladimir P"]
[Result "1-0"]
[WhiteElo "2390"]
[BlackElo "2430"]
[Annotator "Okhotnik,V"]
[PlyCount "51"]
[EventDate "1982.??.??"]
[EventType "tourn"]
[EventRounds "15"]
[EventCountry "URS"]
[SourceTitle "EXT 2009"]
[Source "ChessBase"]
[SourceDate "2008.11.26"]
[SourceVersion "1"]
[SourceVersionDate "2008.11.26"]
[SourceQuality "1"]

1. d4 Nf6 2. c4 g6 3. Nc3 d5 4. cxd5 Nxd5 5. e4 Nxc3 6. bxc3 Bg7 7. Nf3 c5 8.
Rb1 O-O 9. Be2 Qa5 (9... b6 10. O-O Bb7 11. Qd3 cxd4 12. cxd4 e6 13. Bg5 Qd6
14. Qe3 Nd7 15. Rfd1 Rfc8 16. Bb5 $1 Rc2 17. Ba4 Rxa2 18. e5 Qd5 19. Bb3 Qa5
20. d5 $1 Bxd5 21. Bxd5 exd5 22. e6 Nf6 23. exf7+ Kxf7 24. Rbc1 $1 {
Eingorn-Malaniuk/Baku 1979.}) (9... Bg4 $5 10. Rxb7 Nc6) 10. O-O Qxc3 (10...
Qxa2 11. Bg5 Qe6 12. e5 Rd8 13. Qa4 Qc6 14. Qb3 Qc7 15. Bc4 Rf8 16. e6 f6 17.
Bh4 Nc6 18. Bg3 Qd8 19. Qa2 cxd4 20. cxd4 b6 21. d5 Ne5 22. Rfd1 Kh8 23. Nxe5
fxe5 24. d6 exd6 25. Bd5 Bxe6 26. Bxe6 Qe7 27. Rbc1 Rae8 {1-0 Jussupow,A (2555)
-Tukmakov,V (2500)/Yerevan zt 1982 (37)}) 11. d5 Qa5 12. Bg5 $1 Qc7 13. Qc1 Bg4
14. Bf4 Qc8 15. e5 Nd7 16. Re1 Nb6 17. d6 exd6 18. exd6 Re8 19. h3 Bd7 20. Bh6
Bh8 21. Ng5 Bf5 22. Rxb6 $1 axb6 23. Bc4 Be6 24. Rxe6 $1 fxe6 25. Qf4 Qd7 26.
Bb5 $1 1-0

[Event "World Cup"]
[Site "Khanty-Mansiysk"]
[Date "2009.11.22"]
[Round "1.2"]
[White "Pelletier, Yannick"]
[Black "Bu, Xiangzhi"]
[Result "1-0"]
[WhiteElo "2589"]
[BlackElo "2682"]
[Annotator "Pelletier,Y"]
[PlyCount "55"]
[EventDate "2009.11.21"]
[EventType "k.o."]
[EventRounds "7"]
[EventCountry "RUS"]
[SourceTitle "CBM 134"]
[Source "ChessBase"]
[SourceDate "2010.01.18"]
[SourceVersion "1"]
[SourceVersionDate "2010.01.18"]
[SourceQuality "1"]

1. d4 Nf6 2. c4 g6 3. Nc3 d5 4. cxd5 Nxd5 5. e4 Nxc3 6. bxc3 Bg7 7. Nf3 c5 8.
Rb1 O-O 9. Be2 Nc6 10. d5 Ne5 11. Nxe5 Bxe5 12. Qd2 e6 13. f4 Bc7 14. O-O exd5
15. exd5 Ba5 16. d6 {Es gibt mehrere Züge hier, aber das ist wohl eine
Hauptvariante.} b6 17. Bf3 Rb8 {Diese Partie sollte vermutlich diese Zugfolge
begraben. Schwarz sollte daher entweder 16...Rb8 oder 17...Bf5 den Vorzug
geben.} 18. Bb2 Bf5 19. Rbe1 {In meiner Vorbereitung hatte ich gefühlt, dass
die weißen Angriffchancen hier gefährlich sind.} b5 $6 ({Diese Spielweise
kostet zu viel Zeit. Besser war} 19... Qf6 {[%cal Gb8d8]} 20. g4 Be6 21. Re5
$36) 20. g4 $1 $146 Be6 {Sonst dringt der Turm nach e7 ein.} 21. f5 $1 Bc4 ({
Vor eine schwierigere Aufgabe wird Weiß nach} 21... gxf5 {gestellt. Der beste
Weg, damit der Angriff durchdringt, besteht in} 22. gxf5 Bxf5 23. Re7 Rb6 (
23... c4 24. Bh5 Qb6+ 25. Kh1 $18) 24. Rd1 c4 25. Qg5+ Bg6 26. Qe5 {[%cal
Gb2c1,Gc1h6]} Bc2 (26... h6 27. Rd4 $18) 27. Rd4 $18) ({Problemlos geht es
aber im Fall von} 21... Bxa2 22. Re7 Bc4 23. f6 Kh8 24. Be2 $18) 22. Re7 $1 {
Der Rf1 ist wegen 23.f6 oder 23.Qh6 tabu.} Qb6 (22... Re8 23. f6 $18) ({Nach} 
22... Rb6 {hatte ich} 23. Rd1 Kh8 24. fxg6 {geplant, man sehe} hxg6 (24... fxg6
25. Qh6 $18) 25. Qf4 Kg8 26. Qf6 Re8 27. Bd5 Rxe7 (27... Bxd5 28. c4) 28. Qxg6+
Kh8 (28... Kf8 29. Qh7) 29. Qf6+ Kg8 30. dxe7 Rxf6 31. exd8=Q+ Bxd8 32. Bxc4
$18) 23. f6 Kh8 24. Be4 $1 {[%cal Gf1f3,Gf3h3]} Rg8 (24... Bxf1 25. Qh6 Rg8 26.
Rxf7 $18) 25. Rf3 Bd3 (25... Qd8 26. Rh3 Qf8 27. Qg5 Rd8 28. Qh4 h5 29. Qxh5+
$1 $18) 26. Qh6 {Den Läufer konnte man schlagen, aber der Textzug führt zum
Matt.} c4+ 27. Kg2 Bxe4 28. Rxe4 1-0

[Event "Bundesliga 0001"]
[Site "Germany"]
[Date "2001.02.18"]
[Round "9.5"]
[White "Pelletier, Yannick"]
[Black "Stangl, Markus"]
[Result "1-0"]
[WhiteElo "2474"]
[BlackElo "2479"]
[Annotator "Pelletier,Y"]
[PlyCount "79"]
[EventDate "2000.10.14"]
[EventType "team-tourn"]
[EventRounds "15"]
[EventCountry "GER"]
[SourceTitle "CBM 082"]
[Source "ChessBase"]
[SourceDate "2001.05.17"]
[SourceVersion "1"]
[SourceVersionDate "2001.05.17"]
[SourceQuality "1"]
[WhiteTeam "Werder Bremen"]
[BlackTeam "Tegernsee"]
[WhiteTeamCountry "GER"]
[BlackTeamCountry "GER"]

1. Nf3 Nf6 2. c4 g6 3. Nc3 d5 4. cxd5 Nxd5 5. Qb3 Nb6 6. d4 Be6 7. Qd1 (7. Qc2
{ist genauer}) 7... Bc4 $2 {Schwarz möchte die Entwicklung des Bf1 erschweren
aber das erlaubt Weiss, die Initiative zu ergreifen.} (7... Bg7) 8. Ne5 $1 Ba6
9. b4 {[%csl Ra6]} e6 ({Oder} 9... c6 10. a4 Nd5 $6 11. Qb3 $1 e6 $140 12. b5
Bb4 13. bxa6 $1) 10. Rb1 (10. b5 Bb4 {ist kaum erstrebenswert.}) 10... Nd5 ({
Nach} 10... c6 11. a4 Nd5 12. Na2 $1 $36 {wird Weiss ein Tempo für e4 gewinnen.
}) 11. Bd2 $1 c6 $6 ({Sicher sollte Schwarz} 11... Bxb4 {ziehen, da die
Partiefolge für Weiss ganz gut ist. Nach} 12. Qa4+ b5 13. Nxb5 Bxd2+ 14. Kxd2
O-O 15. e3 $14 {riskiert der weisse König weniger, als es aussieht.}) 12. b5 $1
Nxc3 $2 {Ich nehme an, das Markus meinen nächsten Zug zu spät gemerkt hat. So
früh am Morgen ist es auch verzeihlich!} (12... cxb5 13. Nxb5 $36 {/\ e4}) 13.
bxa6 $1 Nxd1 14. axb7 {Die schwarze Tragödie liegt darin, dass der Ra8 nur
gerettet werden kann, wenn der Nb8 sich rührt. Aber dann hängt ja c6...} Nd7
15. Nxc6 Nxf2 16. Nxd8 Rxd8 (16... Nd3+ $2 17. exd3 Rxd8 18. Bf4 $18) 17. Kxf2
{Mit einem gesunden Mehrbauern auf b7 sollte die Sache klar sein.} Bd6 18. g3
Nb6 (18... e5 19. dxe5 Nxe5 20. Bh3 $18 {/\ Be3}) 19. Bg2 Bb8 20. Bf4 Ke7 21.
Rb4 $1 Nd5 $6 22. Bxb8 $1 Rxb8 ({Oder} 22... Nxb4 23. Bxa7 Na6 (23... Nxa2 24.
Rb1 Rb8 25. Bxb8 Rxb8 26. Rb3 $18) 24. Rb1 $18) 23. Bxd5 exd5 24. Rhb1 Kd6 25.
Ra4 Kc7 26. Rxa7 Rhe8 27. Ra5 Rxb7 28. Rc5+ Kb8 29. Rxb7+ Kxb7 30. Rxd5 Kc6 31.
Re5 Ra8 32. Re7 Rxa2 33. Rxf7 Kd5 34. Rxh7 Kxd4 35. Re7 Kd5 36. Kf3 Ra4 37. h4
Rb4 38. Re8 Ra4 39. e4+ Kd4 40. Kf4 1-0